000 00785nam a2200217Ii 4500
003 JO-AjNU
008 230605s9999||||xx |||||||||||||| ||und||
017 _a2000/9/2720
040 _aJO-AjNU
_bara
_erda
_cJO-AjNU
041 _aara
050 1 4 _aDS153.3.F36 2002
100 3 _aالفقير، نوح,
_eauthor
_956495
245 0 0 _aشهداء الصحابة على أرض الأردن المستطابة
250 _aط1
264 3 1 _aعمان: دار الرازي للطباعة والنشر والتوزيع، 2002
300 _a119ص
336 _atext
_btxt
_2rdacontent
337 _aunmediated
_bn
_2rdamedia
338 _avolume
_bnc
_2rdacarrier
650 4 _aالصحابة والتابعون - تراجم - الشهداء - تراجم - تاريخ الاردن
_956496
999 _aA25260
_c28828
_d28828